000 00391nam a2200157Ia 4500
005 20240807062227.0
008 240806s9999||||xx |||||||||||||| ||eng||
041 _aeng
082 _a891.435
_bSHAS.1
100 _aShambhunath
245 0 _aSamajik kranti ke dastavej bhag-1 /
_cShambhunath
260 _bVani Prakashan Delahi
300 _a754
650 _aGeneral Studies
942 _cBK
999 _c12377
_d12377